000 00878cab a2200217 4500
001 ABS68243
008 040924n2004 000 0 eng u
035 _a(Sirsi) u127521
100 _aSchaich, M.
245 _a3D-scanning for archaeology and cultural heritage: preserving history with geospatial technology
260 _c2004
490 _aGeo Informatics
_v7(6) September 2004, 18-21(3)
520 _aDescribes how the increasing use of 3D surveying technologies for the documentation of paleo-archaeological, pre-historical and historical goods and monuments has given rise to new occupational fields for specialist service providers within archaeology and related disciplines.
590 _aABS
650 _aARCHAEOLOGY
650 _aSURVEYING TECHNOLOGY
650 _aCULTURAL HERITAGE
650 _a3D MODELLING
690 _aGeomatics
_96242
942 _n0
999 _c74546
_d74546